Jetpunk-Ten Most Taken Quizzes - Statistics

General Stats
  • This quiz has been taken 26 times
  • The average score is 3 of 10
Answer Stats
Times Taken Answer % Correct
1 Countries of the World Quiz
91%
2 US States Quiz
82%
5 World Capitals Quiz
45%
6 Europe Map Quiz
18%
3 United States Map Quiz
14%
9 US Presidents Quiz
14%
4 Fast Typing to 100
5%
10 Fast Typing A to Z
0%
7 Fifty States in One Minute
0%
8 NFL Football Teams Quiz
0%
No matching quizzes found
Score Distribution
Percent of People with Each Score
Percentile by Number Answered
Your Score History
You have not taken this quiz